| 000 | 00740nam a2200169 a 4500 | ||
|---|---|---|---|
| 008 | 151102s2014 ||||||||||||||||| || u | ||
| 020 | _a9780198703860 | ||
| 050 | _aRC 732 Oxf | ||
| 100 | _aChapman, Stephen | ||
| 245 | 1 | 0 |
_aOxford handbook of respiratory medicine. (3rd ed.) _cBy Stephen Chapman, Grace Robinson, John Stradling, Sophie West [and] Jon Wrightson |
| 250 | _a3rd ed. | ||
| 260 |
_aOxford _bOxford University Press _c2014 |
||
| 300 | _axxii, 906p.: ill. | ||
| 350 | _a59.95 | ||
| 650 | _aRESPIRATORY ORGANS--DISEASES--HANDBOOKS, MANUALS ETC | ||
| 995 |
_aMEDICAL LIBRARY OPEN ACCESS _e903329 _FCBU-SCHOOL OF MEDICINE LIBRARY (Ndola) _I59.95 _jRC 732 Oxf _M1 _UAVAILABLE _WJan 19, 2016 _y903329 _ZMedical Library Open Access Collection |
||
| 999 |
_c32297 _d32297 |
||